Libanais célèbres par images - Statistiques

Statistiques générales
  • Ce quiz a été pris 376 fois
  • Le résultat moyen est 4 sur 12
Statistiques - réponses
Par images Réponse % Correct
Mika
90%
Léa Salamé
65%
Michel Aoun
61%
Fairuz
44%
Bachir Gemayel
39%
Myriam Fares
24%
Ibrahim Maalouf
23%
Rima Abdul Malak
12%
André Bercoff
5%
Rani Assaf
2%
Gabriel Yared
1%
Péri Cochin
1%
Aucun quiz correspondant
Distribution des résultats
% des personnes avec chaque résultat
Percentile par nombre de réponses
Votre historique - résultats
Vous n’avez pas pris ce quiz